Código tributario

Salvato in:
Dettagli Bibliografici
Natura: Libro
Lingua:spagnolo
Pubblicazione: Santiago LexisNexis 2005
Edizione:5a. ed
Soggetti:
Tags: Aggiungi Tag
Nessun Tag, puoi essere il primo ad aggiungerne!!

MARC

LEADER 00000nam a2200000 a 4500
001 UCK3871
003 CL-VaPUC
008 050513e20050000CL |||||||||||||||||spa|d
020 |a 9562384608 
082 0 4 |a 343.8304  |b COD  |2 21 
245 1 0 |a Código tributario 
250 |a 5a. ed 
300 |a 375 p 
942 |c BK 
945 |d 20050513 00:00:00  |a cmena 
260 |a Santiago  |b LexisNexis  |c 2005 
500 |a Incluye: Citas de jurisprudencia. Anotaciones y concordancias. Indice temático 
500 |a Actualizada al 14 de enero de 2005 
650 0 |a Código tributario  |9 350428 
650 0 |a Derecho tributario chileno  |9 485061 
650 0 |a Impuestos  |9 255450 
583 |a last modification  |c 20050513 00:00:00  |k Rodrigo Vera 
999 |c 312921  |d 312919 
952 |0 0  |1 0  |2 ddc  |4 0  |6 343_830400000000000_COD_2005  |7 0  |8 FOND_LRYV  |9 383785  |a BIBDER  |b BIBDER  |d 2019-11-22  |i 4125711  |o 343.8304 COD 2005  |p 4125711  |r 2023-01-25  |w 2019-11-22  |y BK_X  |k DER 
952 |0 0  |1 0  |2 ddc  |4 0  |6 343_830400000000000_COD_2005  |7 0  |8 FOND_LRYV  |9 383787  |a BIBDER  |b BIBDER  |d 2019-11-22  |i 4125738  |o 343.8304 COD 2005  |p 4125738  |r 2023-01-25  |w 2019-11-22  |y BK_X  |k DER